000 01227nam a22002177a 4500
999 _c162993
_d162993
005 20200717121831.0
010 _a1819HN15 HIN-118717 B-734071-075
020 _c500.00
_a8190167626
035 _aHN-91063
035 _aB-734071-075
037 _bआकाश गंगा पब्लिकेशन
082 _a616
100 _aवार्ष्णेय, ए.के.
245 _aचर्मरोगः
_bप्राकृतिक चिकित्सा /
_cए.के. वार्ष्णेय
260 _aदिल्ली
_bआकाश गंगा पब्लिकेशन
_c2020
270 _a30/83, गली नं. 7, विश्वास नगर, शाहदरा,
_bदिल्ली
_e110032
300 _a158पृ.
_c22सेमी (सजिल्द)
500 _aAIRPORT
942 _2ddc
_cHN
_mवार्ष्णेय
_h616